000
00248nam a2200097Ia 4500
001
734491
005
20250826163834.0
008
250824s9999 xx 000 0 und d
245
0
_a
PAYLAŞIM MEDENİYETİ
_c
HASAN BASRİ BİLGİN
260
_b
YEDİVEREN
999
_c
734491
_d
734491